Định hướng nghiên cứu và đào tạo công nghệ sinh học vùng Đồng bằng Sông Cửu Long giai đoạn 2013 - 2017 và tầm nhìn đến năm 2030

Tài liệu tập hợp các bài viết về định hướng nghiên cứu và đào tạo công nghệ sinh học vùng Đồng bằng Sông Cửu Long giai đoạn 2013 - 2017 và tầm nhìn đến năm 2030

Gardado en:
Detalles Bibliográficos
Formato: Libro
Idioma:Undetermined
Publicado: Cần Thơ Đại học Cần Thơ 2013
Những chủ đề:
Các nhãn: Engadir etiqueta
Sen Etiquetas, Sexa o primeiro en etiquetar este rexistro!
Thư viện lưu trữ: Trung tâm Học liệu Trường Đại học Cần Thơ
LEADER 01012nam a2200181Ia 4500
001 CTU_192082
008 210402s9999 xx 000 0 und d
082 |a 660.6 
082 |b H452 
245 0 |a Định hướng nghiên cứu và đào tạo công nghệ sinh học vùng Đồng bằng Sông Cửu Long giai đoạn 2013 - 2017 và tầm nhìn đến năm 2030 
245 0 |c Trường Đại học Cần Thơ. Viện Nghiên cứu và Phát triển Công nghệ Sinh học 
260 |a Cần Thơ 
260 |b Đại học Cần Thơ 
260 |c 2013 
520 |a Tài liệu tập hợp các bài viết về định hướng nghiên cứu và đào tạo công nghệ sinh học vùng Đồng bằng Sông Cửu Long giai đoạn 2013 - 2017 và tầm nhìn đến năm 2030 
650 |a Biotechnology,Công nghệ sinh học 
904 |i Trúc 
980 |a Trung tâm Học liệu Trường Đại học Cần Thơ